Seeking for spiritual growth {ch}: (Record no. 23720)
[ view plain ]
| 000 -LEADER | |
|---|---|
| fixed length control field | 00642nam a2200157 4500 |
| 008 - FIXED-LENGTH DATA ELEMENTS--GENERAL INFORMATION | |
| fixed length control field | 050513s2003 us eng |
| 020 ## - INTERNATIONAL STANDARD BOOK NUMBER | |
| International Standard Book Number | 9570471379 :NT360/Php574.78 |
| 090 ## - LOCALLY ASSIGNED LC-TYPE CALL NUMBER (OCLC); LOCAL CALL NUMBER (OCLC) | |
| Classification number (OCLC) (R) ; Classification number, CALL (RLIN) (NR) | BR1297.N4 |
| Local cutter number (OCLC) ; Book number/undivided call number, CALL (RLIN) | Se3h |
| 245 10 - TITLE STATEMENT | |
| Title | Seeking for spiritual growth {ch}: |
| Remainder of title | study Watchman Nee's thought from the Bible, history and theological point of view / |
| Statement of responsibility, etc | Hung-Do Hsu, editor. |
| 260 ## - PUBLICATION, DISTRIBUTION, ETC. (IMPRINT) | |
| Place of publication, distribution, etc | Taipei : |
| Name of publisher, distributor, etc | China Evangelical Seminary, |
| Date of publication, distribution, etc | 2003. |
| 300 ## - PHYSICAL DESCRIPTION | |
| Extent | 304 p. |
| 600 14 - SUBJECT ADDED ENTRY--PERSONAL NAME | |
| Personal name | Nee, Watchman, |
| Dates associated with a name | 1903-1972 |
| General subdivision | Theology {ch}. |
| 650 #4 - SUBJECT ADDED ENTRY--TOPICAL TERM | |
| Topical term or geographic name as entry element | Clergy |
| Geographic subdivision | China {ch}. |
| 951 ## - EQUIVALENCE OR CROSS-REFERENCE-GEOGRAPHIC NAME/AREA NAME [OBSOLETE] [CAN/MARC only] | |
| General subdivision | 00031058 |
| 700 1# - ADDED ENTRY--PERSONAL NAME | |
| Personal name | Hsu, Hung-Do, |
| Dates associated with a name | ed. |
| 951 ## - EQUIVALENCE OR CROSS-REFERENCE-GEOGRAPHIC NAME/AREA NAME [OBSOLETE] [CAN/MARC only] | |
| -- | C-6628 |
| -- | BR1297.N4/Se3h-2 |
| -- | 070613111501953 |
| -- | 2000-12-21 |
| -- | SP-C |
| Withdrawn status | Lost status | Damaged status | Not for loan | Home library | Current library | Shelving location | Date acquired | Accession number | Shelving control number | Total Checkouts | Full call number | Barcode | Date last seen | Price effective from | Koha item type |
|---|---|---|---|---|---|---|---|---|---|---|---|---|---|---|---|
| BSOP Library | BSOP Library | Special Collections English | 12/21/2000 | C-6628 | 127 | BR1297.N4/Se3h-2 | 00031058 | 02/23/2013 | 02/23/2013 | Books |
